000 00682nam a2200277Ia 4500
005 20260324124351.0
008 008 260324s9999 xx 000 0 eng d
020 _a9780429252846
037 _aEBOOK
040 _aCRL
040 _beng
040 _cCRL
041 _2eng
041 _aeng
084 _qCRL
100 _aChris Williams; Marie Chellingsworth
_91173878
245 0 _aCBT: A Clinician's Guide to Using the Five Areas Approach
260 _bTaylor and Francis
260 _c2010
365 _a
365 _b220
856 _uhttp://www.taylorfrancis.com/books/9780429252846
942 _cEBOOK
999 _c1768196
_d1768196